00505nmm a2200169Ia 4500008004100000020001800041041000800059100002800067245002500095264007700120300001600197490002300213650002300236856005200259942000700311999001700318251105s9999||||xx |||||||||||||||||und|| a9788417483326 aspa aGarcía Callejas, Juan 0aVeinte gramos de luz a[Madrid, España] :bLantia, c[Fecha de publicación no identificada] a0 páginas aPoesía Caligrama aLiterary criticism uhttps://public.digitaliapublishing.com/a/120923 cCF c78782d78782